000 00618nam a2200241Ia 4500
003 OSt
005 20221005092049.0
006 a|||||r|||| 00| 0
007 ta
008 221004b |||||||| |||| 00| 0 eng d
024 _a18149
037 _cTextual
040 _aCRL
_cCRL
_beng
041 _2eng
_aeng
082 _aM194, J8
100 _aWeil B H Ed
_9616850
245 0 _aTeaching Editing
260 _aNew York
_bReinhold Publishing Corporation USA
_c1958
300 _a278p
_ccm.
650 _aINDUSTRIAL ARTS
942 _hM194, J8
_cTEXL
_2cc
999 _c998284
_d998284